000 01174cab a2200193 4500
001 L130927
008 050919n2005 000 0 eng u
035 _a(Sirsi) u130927
041 0 _aeng
100 1 _aRedmond, John
245 0 0 _aI've seen the light
260 _c2005
490 0 _aBuilding
_v270 (8397) 9 September 2005, 51(1)
520 _aLooks at recent developments in mediation with particular reference to its use by government agencies. Includes a link to a report that outlines the use of mediation by government agencies, "Monitoring the effectiveness of the Government's committment to using alternative dispute resolution."
590 _aIKA270905
690 _aMANAGEMENT- DISPUTE AVOIDANCE, MANAGEMENT AND RESOLUTION-DISPUTE MANAGEMENT AND RESOLUTION-ALTERNATIVE DISPUTE RESOLUTION-ASSISTED NEGOTIATION-MEDIATION
856 4 0 _uhttps://webcache.googleusercontent.com/search?hl=en&spell=1&gs_sm=e&gs_upl=28142l31505l0l32852l2l2l0l0l0l0l198l293l1.1l2l0&q=cache:cHl0q2YKafAJ:http://www.civilmediation.org/downloads-get?id=115+www.civilmediation.org/downloads-get%3Fid%3D115&ct=clnk
_zView the item free of charge at www.civilmediation.org
942 _n0
999 _c75889
_d75889